Máximos goleadores de la Premier league - Estadísticas

Estadísticas generales
  • Esta prueba ha sido intentada 269 veces
  • La puntuación promedio es 9 de 15
Estadísticas de respuestas
Goles Nacionalidad Goles por equipo(s) Jugador % Correcto
184 Argentina Manchester City F. C. (184)1​ Sergio Agüero
96%
207 Egipto Chelsea F. C. (2), Liverpool F. C. (182) Mohamed Salah
95%
175 Francia Arsenal F. C. (175) Thierry Henry
94%
213 Inglaterra Norwich City F. C. (0), Tottenham Hotspur F. C. (213) Harry Kane
92%
143 Inglaterra Leicester City F. C. (143) Jamie Vardy
92%
208 Inglaterra Everton F. C. (25), Manchester United F. C. (183) Wayne Rooney
90%
260 Inglaterra Blackburn Rovers F. C. (112), Newcastle United F. C. (148) Alan Shearer
85%
144 Países Bajos Arsenal F. C. (96), Manchester United F. C. (48) Robin van Persie
80%
177 Inglaterra West Ham United F. C. (24), Chelsea F. C. (147), Manchester City F. C. (6) Frank Lampard
70%
150 Inglaterra Liverpool F. C. (118), Newcastle United F. C. (26), Manchester United F. C. (5), Stoke City F. C. (1) Michael Owen
54%
162 Inglaterra West Ham United F. C. (18), Tottenham Hotspur F. C. (91), Portsmouth F. C. (15), Sunderland F. C. (34), AFC Bournemouth (4) Jermain Defoe
28%
187 Inglaterra Newcastle United F. C. (43), Manchester United F. C. (93), Blackburn Rovers F. C. (27), Fulham F. C. (12), Manchester City F. C. (9), Portsmouth F. C. (3), Sunderland F. C. (0) Andy Cole
27%
163 Inglaterra Liverpool F. C. (128), Leeds United F. C. (14), Manchester City F. C. (21), Blackburn Rovers F. C. (0) Robbie Fowler
17%
146 Inglaterra Nottingham Forest F. C. (1), Tottenham Hotspur F. C. (97), Manchester United F. C. (31), Portsmouth F. C. (9), West Ham United F. C. (8) Teddy Sheringham
11%
149 Inglaterra Queens Park Rangers F. C. (60), Newcastle United F. C. (41), Tottenham Hotspur F. C. (33), West Ham United F. C. (2), Leicester City F. C. (12), Bolton Wanderers F. C. (1) Les Ferdinand
8%
No se encontraron pruebas coincidentes
Distribución de puntuación
Porcentaje de gente con cada puntuación
Porcentaje por número respondido
Historial de tus puntuaciones
No has intentado esta prueba.